| 000 | 00401nam a22001457a 4500 | ||
|---|---|---|---|
| 005 | 20240306092307.0 | ||
| 008 | 240306b ||||| |||| 00| 0 eng d | ||
| 040 | _cAL | ||
| 041 | _aEnglish | ||
| 082 |
_223 _a658.8 _bCONS |
||
| 100 |
_a- _9153096 |
||
| 245 | _aStudy on the Consumer Behavior towards refrigerators with reference to LG Electronics | ||
| 650 |
_a1999-2002 _9153097 |
||
| 942 |
_2ddc _cPRO |
||
| 999 |
_c230071 _d230071 |
||